Tổng quan về hệ bán dẫn tháp chiều
Tổng quan về hệ bán dẫn tháp chiều. Năng lượng và hàm sóng của điện tử trong bán dẫn tháp chiều. Mật độ trạng thái Tổng quan về hệ bán dẫn tháp chiếu . Phương pháp phương trình động lượng tử
Enregistré dans:
| Auteur principal: | |
|---|---|
| Autres auteurs: | |
| Format: | Livre |
| Langue: | Vietnamese |
| Publié: |
Đại học Đà Nẵng
Trường đại học Sư Phạm
2010
|
| Collection: | Khóa luận tốt nghiệp đại học. Chuyên ngành: Sư phạm Lý
|
| Sujets: | |
| Tags: |
Ajouter un tag
Pas de tags, Soyez le premier à ajouter un tag!
|
| Thư viện lưu trữ: | Mạng thư viện Đại học Đà Nẵng |
|---|
| LEADER | 01518nam a2200349 4500 | ||
|---|---|---|---|
| 001 | 000012037 | ||
| 003 | 8321 | ||
| 005 | 20120215080244.0 | ||
| 008 | 120215s2010 viesd | ||
| 041 | |a vie | ||
| 072 | |a Khóa luận tốt nghiệp | ||
| 082 | |a 537.622 |b HO-Y | ||
| 100 | |a Hoàng, ThỊ Yến | ||
| 245 | |a Tổng quan về hệ bán dẫn tháp chiều |c Hoàng, ThỊ Yến | ||
| 260 | |a Đại học Đà Nẵng |b Trường đại học Sư Phạm |c 2010 | ||
| 300 | |a 52 tr. |c 29 cm | ||
| 490 | |a Khóa luận tốt nghiệp đại học. Chuyên ngành: Sư phạm Lý | ||
| 500 | |a Tham khảo tr. 52 | ||
| 520 | |a Tổng quan về hệ bán dẫn tháp chiều. Năng lượng và hàm sóng của điện tử trong bán dẫn tháp chiều. Mật độ trạng thái Tổng quan về hệ bán dẫn tháp chiếu . Phương pháp phương trình động lượng tử | ||
| 653 | |a Khóa luận tốt nghiệp đại học | ||
| 653 | |a Khoa Vật lý | ||
| 700 | |a Nguyễn, Văn Hiếu |c Th.S |e Hướng dẫn | ||
| OWN | |a LSP | ||
| AVA | |a UDN50 |b LSP |d 537.622 HO-Y |e available |t Error 5001 Not defined in file expand_doc_bib_avail. |f 1 |g 0 |h N |i 0 |k 1 | ||
| 999 | |a From the UDN01 | ||
| AVA | |a UDN50 |b LSP |d 537.622 HO-Y |e available |t Error 5001 Not defined in file expand_doc_bib_avail. |f 1 |g 0 |h N |i 0 |k 1 | ||
| TYP | |a Monograph | ||
| TYP | |a Printed language | ||
| 980 | |a Mạng thư viện Đại học Đà Nẵng | ||